| 000 | 00443nam a2200169Ia 4500 | ||
|---|---|---|---|
| 005 | 20250508162733.0 | ||
| 008 | 008 250505s9999 xx 000 0 eng d | ||
| 037 | _aTextual | ||
| 040 |
_aFEDL _beng _cFEDL |
||
| 041 |
_aeng _2eng |
||
| 084 |
_a370.954, PAN _qFEDL |
||
| 100 | _aPanday | ||
| 245 | 0 | _aBhartiya shiksha ki samssyan | |
| 650 | _aEducation - India | ||
| 942 |
_cTEXL _h370.954, PAN |
||
| 999 |
_c1378394 _d1378394 |
||